=LDR 00000nam 2200000 4500 =001 INLIS000000000027992 =005 20130612130327 =008 ***********************************Ind** =035 ##$$a0010-061300000027992 =041 ##$$a Ind =082 ##$$a 635.25 =090 ##$$a 635.25, Wib b =100 ##$$a Wiboro, Singgih =245 ##$$a Budi daya Barang putih, merah dan bombay, Singgih Wibowo =260 ##$$a 2004 $b Jakarta =300 ##$$a 199 hlm, ilus, 20 cm =650 ##$$a Bawang =850 ##$$a NBPNMAT =990 ##$$a 0001/BPAP-NTB/20142014